| 000 | 00617nam a2200205Ia 4500 | ||
|---|---|---|---|
| 008 | 240729s9999 xx 000 0 und d | ||
| 022 | _a2731-4251 | ||
| 245 | 0 | _anpj Mental Health Research | |
| 260 | _aUnited Kingdom | ||
| 260 | _bNature Portfolio | ||
| 650 | _a Internal medicine | ||
| 650 | _a Neurology. Diseases of the nervous system | ||
| 650 | _a Neurosciences. Biological psychiatry. Neuropsychiatry | ||
| 650 | _a Psychiatry | ||
| 650 | _a Therapeutics. Psychotherapy | ||
| 650 | _aMedicine | ||
| 856 | _uhttps://doaj.org/toc/7798790bb6314448823d22c100d32b75 | ||
| 942 | _2ddc | ||
| 942 | _cDOAJEJ | ||
| 999 |
_c74194 _d74194 |
||
| 945 |
_a1 _bMadushi Gamage _c1 _dMadushi Gamage |
||